000 00500nam a2200181 i 4500
001 94487
003 ES-MaACL
005 20250627063642.0
007 t|
008 050506s1955 sp ||||1| spa d
100 1 _aLorén, Santiago,
_d1918-2010
_974093
245 1 0 _aVivos y muertos
_b: novela /
_cde Santigo Lorén.
250 _a[1ª ed.].
260 _aBarcelona :
_bCorinto,
_c1955.
300 _a270 p. ;
_c20 cm.
852 _aES-MaACL
_jC-9674
_bR.37859
999 _c94487
_d94487